[Event "Calgary int."]
[Site "Calgary CAN"]
[Date "2012.05.18"]
[Round "6.6"]
[White "Nguyen, Kim"]
[Black "Yam, Alex"]
[Result "1-0"]
[WhiteElo "2110"]
[BlackElo "2258"]
[PlyCount "63"]
[GameId "2160767909509453"]
[EventDate "2012.05.15"]
[EventType "swiss"]
[EventRounds "9"]
[EventCountry "CAN"]
[SourceTitle "CBM 148 Extra"]
[Source "ChessBase"]
[SourceDate "2012.06.22"]
[SourceVersion "1"]
[SourceVersionDate "2012.06.22"]
[SourceQuality "1"]

1. e4 c5 2. Nf3 e6 3. d4 cxd4 4. Nxd4 a6 5. Bd3 Nf6 6. O-O Qc7 7. c4 b6 8. Nc3 Bb7 9. Qe2 Nc6 10. Nxc6 Qxc6 11. Bf4 Be7 12. Kh1 O-O 13. Rac1 d6 14. Rfe1 Rfe8 15. Qf3 Rad8 16. b4 Qd7 17. Qh3 g6 18. Be3 Rb8 19. a3 Rec8 20. Bg5 Qd8 21. Qh4 h6 22. Be3 Nxe4 23. Qxh6 Bf8 24. Qh3 Nxc3 25. Bd4 Bg7 26. Bxg6 fxg6 27. Qxe6+ Kh7 28. Rxc3 Bxg2+ 29. Kxg2 Qg5+ 30. Rg3 Qxg3+ 31. hxg3 Bxd4 32. Qf7+ 1-0

[Event "Calgary int."]
[Site "Calgary CAN"]
[Date "2012.05.18"]
[Round "6.7"]
[White "Perron, Sean"]
[Black "Miller, David"]
[Result "1-0"]
[WhiteElo "2059"]
[BlackElo "2049"]
[PlyCount "63"]
[GameId "2160767909509454"]
[EventDate "2012.05.15"]
[EventType "swiss"]
[EventRounds "9"]
[EventCountry "CAN"]
[SourceTitle "CBM 148 Extra"]
[Source "ChessBase"]
[SourceDate "2012.06.22"]
[SourceVersion "1"]
[SourceVersionDate "2012.06.22"]
[SourceQuality "1"]

1. d4 Nf6 2. c4 g6 3. Nc3 Bg7 4. e4 O-O 5. Be3 d6 6. f3 e5 7. Nge2 c6 8. Qd2 Nbd7 9. Bh6 Bxh6 10. Qxh6 Qa5 11. O-O-O b5 12. cxb5 cxb5 13. dxe5 dxe5 14. Kb1 Bb7 15. Ng3 b4 16. Nb5 Bc6 17. Nd6 b3 18. a3 Qc5 19. Bc4 Ba4 20. h4 Nb6 21. Ngf5 Nh5 22. Ne7+ Kh8 23. Bxf7 Nf4 24. Bxg6 Nxg6 25. Nxg6+ Kg8 26. Nxf8 Rxf8 27. Rc1 Qd4 28. Rhd1 Qf2 29. Nf5 Rxf5 30. exf5 Bd7 31. Rxd7 Nxd7 32. Qe6+ 1-0

[Event "Calgary int."]
[Site "Calgary CAN"]
[Date "2012.05.18"]
[Round "6.8"]
[White "Sequillion, Aaron"]
[Black "Haessel, Dale"]
[Result "1-0"]
[WhiteElo "2012"]
[BlackElo "2161"]
[PlyCount "75"]
[GameId "2160767909509455"]
[EventDate "2012.05.15"]
[EventType "swiss"]
[EventRounds "9"]
[EventCountry "CAN"]
[SourceTitle "CBM 148 Extra"]
[Source "ChessBase"]
[SourceDate "2012.06.22"]
[SourceVersion "1"]
[SourceVersionDate "2012.06.22"]
[SourceQuality "1"]

1. e4 e5 2. Nf3 Nc6 3. Bb5 Nf6 4. O-O Bc5 5. Nxe5 Nxe4 6. Qe2 Nxe5 7. Qxe4 Qe7 8. d4 Nc6 9. Bxc6 dxc6 10. Qd3 Bd6 11. c4 c5 12. Nc3 cxd4 13. Nd5 Qh4 14. Re1+ Be6 15. g3 Qh5 16. Qxd4 O-O 17. b3 Rfe8 18. Bb2 Qg5 19. h4 Qg6 20. Nf4 Bxf4 21. Qxf4 Re7 22. Re3 Rd7 23. Rae1 Rad8 24. Re5 h6 25. Kg2 Rd1 26. R1e4 R8d2 27. h5 Qh7 28. Rxe6 fxe6 29. Rxe6 Rd8 30. Bxg7 Qb1 31. Bxh6 Rg1+ 32. Kh3 Rh1+ 33. Kg4 Qd1+ 34. f3 Rd4 35. Re8+ Kh7 36. Re7+ Kh8 37. Re8+ Kh7 38. Re4 1-0

[Event "Calgary int."]
[Site "Calgary CAN"]
[Date "2012.05.19"]
[Round "7.2"]
[White "Kovalyov, Anton"]
[Black "Mikhalevski, Victor"]
[Result "1/2-1/2"]
[WhiteElo "2619"]
[BlackElo "2519"]
[PlyCount "30"]
[GameId "2160767909509459"]
[EventDate "2012.05.15"]
[EventType "swiss"]
[EventRounds "9"]
[EventCountry "CAN"]
[SourceTitle "CBM 148 Extra"]
[Source "ChessBase"]
[SourceDate "2012.06.22"]
[SourceVersion "1"]
[SourceVersionDate "2012.06.22"]
[SourceQuality "1"]

1. d4 Nf6 2. c4 g6 3. Nc3 d5 4. cxd5 Nxd5 5. Bd2 Bg7 6. Nf3 c5 7. Rc1 Nxc3 8. Bxc3 cxd4 9. Bxd4 O-O 10. Bxg7 Kxg7 11. Qxd8 Rxd8 12. e3 Nc6 13. Bb5 Be6 14. Bxc6 bxc6 15. b3 a5 1/2-1/2

[Event "Calgary int."]
[Site "Calgary CAN"]
[Date "2012.05.19"]
[Round "7.3"]
[White "Wang, Richard"]
[Black "Porper, Edward"]
[Result "1/2-1/2"]
[WhiteElo "2307"]
[BlackElo "2414"]
[PlyCount "99"]
[GameId "2160767909509460"]
[EventDate "2012.05.15"]
[EventType "swiss"]
[EventRounds "9"]
[EventCountry "CAN"]
[SourceTitle "CBM 148 Extra"]
[Source "ChessBase"]
[SourceDate "2012.06.22"]
[SourceVersion "1"]
[SourceVersionDate "2012.06.22"]
[SourceQuality "1"]

1. d4 Nf6 2. Nf3 e6 3. c4 Bb4+ 4. Nbd2 d5 5. a3 Bxd2+ 6. Bxd2 Ne4 7. Rc1 O-O 8. Bf4 Nc6 9. e3 Ne7 10. cxd5 Nxd5 11. Qc2 Nxf4 12. Qxe4 Ng6 13. h4 c6 14. Bc4 Qa5+ 15. Rc3 Qf5 16. Nd2 e5 17. h5 Qxe4 18. Nxe4 exd4 19. exd4 Nf4 20. Rf3 Be6 21. Rxf4 Bxc4 22. h6 g6 23. Nf6+ Kh8 24. Kd2 Be6 25. Re1 Rad8 26. Kc3 Rd6 27. Ne4 Rdd8 28. Nc5 Bd5 29. Nxb7 Rde8 30. Rxe8 Rxe8 31. Nd6 Re7 32. Rf6 Kg8 33. Nc4 Kf8 34. Ne5 Rb7 35. g4 a5 36. b4 axb4+ 37. axb4 Ke7 38. g5 Rb6 39. Nc4 Rb5 40. Na3 Rb8 41. Nc4 Rb5 42. Na5 Rb6 43. f3 Ra6 44. Kd3 Rb6 45. Kc3 Ra6 46. Nc4 Ra1 47. Ne5 Rg1 48. f4 Rg3+ 49. Kd2 Rg2+ 50. Ke1 1/2-1/2

[Event "Calgary int."]
[Site "Calgary CAN"]
[Date "2012.05.19"]
[Round "7.4"]
[White "Pechenkin, Vladimir"]
[Black "Gardner, Robert"]
[Result "1-0"]
[WhiteElo "2312"]
[BlackElo "2202"]
[PlyCount "101"]
[GameId "2160767909509461"]
[EventDate "2012.05.15"]
[EventType "swiss"]
[EventRounds "9"]
[EventCountry "CAN"]
[SourceTitle "CBM 148 Extra"]
[Source "ChessBase"]
[SourceDate "2012.06.22"]
[SourceVersion "1"]
[SourceVersionDate "2012.06.22"]
[SourceQuality "1"]

1. c4 e6 2. g3 d5 3. Bg2 dxc4 4. Na3 Bxa3 5. bxa3 c6 6. Nf3 Nf6 7. Qc2 b5 8. Bb2 O-O 9. Ng5 Re8 10. O-O h6 11. Bxf6 Qxf6 12. Qh7+ Kf8 13. Ne4 Qg6 14. Qxg6 fxg6 15. Nd6 Rd8 16. Nxb5 a6 17. Nc3 Rxd2 18. Ne4 Rxe2 19. Nd6 Bd7 20. Rfc1 Rd2 21. Nxc4 Rd4 22. Rab1 a5 23. Rb7 Na6 24. Rxd7 Rxd7 25. Nb6 Rad8 26. Nxd7+ Rxd7 27. Rxc6 Nc7 28. Rc5 Rd1+ 29. Bf1 Nd5 30. Rxa5 e5 31. Kg2 e4 32. Bc4 e3 33. Kf3 exf2 34. Kxf2 Nc3 35. Ke3 Rh1 36. Kd4 Nd1 37. Ra8+ Ke7 38. Ra7+ Kd8 39. Rxg7 g5 40. Ke5 Rxh2 41. Kd6 Kc8 42. Bd5 Kb8 43. Rg8+ Ka7 44. Kc7 Rc2+ 45. Bc6 Rxc6+ 46. Kxc6 Ne3 47. Re8 Nc2 48. g4 Nxa3 49. Re4 Nc2 50. Kb5 Kb7 51. Ka4 1-0

[Event "Calgary int."]
[Site "Calgary CAN"]
[Date "2012.05.19"]
[Round "7.5"]
[White "Perron, Sean"]
[Black "Nguyen, Kim"]
[Result "1/2-1/2"]
[WhiteElo "2059"]
[BlackElo "2110"]
[PlyCount "45"]
[GameId "2160767909509462"]
[EventDate "2012.05.15"]
[EventType "swiss"]
[EventRounds "9"]
[EventCountry "CAN"]
[SourceTitle "CBM 148 Extra"]
[Source "ChessBase"]
[SourceDate "2012.06.22"]
[SourceVersion "1"]
[SourceVersionDate "2012.06.22"]
[SourceQuality "1"]

1. d4 Nf6 2. c4 g6 3. Nc3 Bg7 4. e4 d6 5. Nf3 O-O 6. Be2 e5 7. O-O Na6 8. Be3 Ng4 9. Bg5 Qe8 10. Re1 h6 11. Bh4 c6 12. h3 Nf6 13. Bf1 Qe7 14. a3 Rd8 15. b4 g5 16. Bg3 Nh5 17. d5 Nc7 18. Nh2 Nf4 19. Ng4 cxd5 20. cxd5 f5 21. exf5 Bxf5 22. Ne3 Bg6 23. Rc1 1/2-1/2

[Event "Calgary int."]
[Site "Calgary CAN"]
[Date "2012.05.19"]
[Round "7.6"]
[White "Kaufman, Larry C"]
[Black "Sequillion, Aaron"]
[Result "1-0"]
[WhiteElo "2380"]
[BlackElo "2012"]
[PlyCount "63"]
[GameId "2160767909509463"]
[EventDate "2012.05.15"]
[EventType "swiss"]
[EventRounds "9"]
[EventCountry "CAN"]
[SourceTitle "CBM 148 Extra"]
[Source "ChessBase"]
[SourceDate "2012.06.22"]
[SourceVersion "1"]
[SourceVersionDate "2012.06.22"]
[SourceQuality "1"]

1. d4 Nf6 2. c4 g6 3. Nc3 Bg7 4. e4 d6 5. Nf3 O-O 6. Be2 e5 7. O-O Nc6 8. Be3 Ng4 9. Bg5 f6 10. Bc1 exd4 11. Nxd4 Nxd4 12. Qxd4 f5 13. Qd5+ Kh8 14. exf5 Rxf5 15. Qd1 Ne5 16. c5 Nf7 17. cxd6 Nxd6 18. Be3 Be6 19. Bg4 Re5 20. Bd4 Bxg4 21. Qxg4 Qg5 22. Qxg5 Rxg5 23. Rad1 Re8 24. Bxa7 Nb5 25. Be3 Nxc3 26. bxc3 Ra5 27. Rd7 Be5 28. Re1 Kg8 29. Bf4 Rxa2 30. Rd5 Bxc3 31. Rxe8+ Kf7 32. Red8 1-0

[Event "Calgary int."]
[Site "Calgary CAN"]
[Date "2012.05.19"]
[Round "7.7"]
[White "Haessel, Dale"]
[Black "Kaufman, Raymond"]
[Result "1/2-1/2"]
[WhiteElo "2161"]
[BlackElo "2336"]
[PlyCount "74"]
[GameId "2160767909509464"]
[EventDate "2012.05.15"]
[EventType "swiss"]
[EventRounds "9"]
[EventCountry "CAN"]
[SourceTitle "CBM 148 Extra"]
[Source "ChessBase"]
[SourceDate "2012.06.22"]
[SourceVersion "1"]
[SourceVersionDate "2012.06.22"]
[SourceQuality "1"]

1. d4 Nf6 2. c4 e6 3. Nc3 Bb4 4. Qc2 c5 5. dxc5 Bxc5 6. Nf3 Qb6 7. e4 Ng4 8. Nd1 Nc6 9. h3 Nge5 10. Nxe5 Nxe5 11. Be2 O-O 12. O-O d6 13. Nc3 Bd7 14. Bf4 Rac8 15. Rad1 Bc6 16. Rd2 Qc7 17. a3 a5 18. Rfd1 Qe7 19. Bg3 f5 20. exf5 exf5 21. Bxe5 dxe5 22. Nd5 Qh4 23. Bf1 Bxd5 24. Rxd5 e4 25. b4 axb4 26. axb4 Bxb4 27. c5 Kh8 28. Rb1 Ba5 29. Rxb7 Bc7 30. Qc3 Qe7 31. c6 f4 32. Rd7 Qe5 33. Qxe5 Bxe5 34. Re7 Bf6 35. Rxe4 Rxc6 36. Rxf4 Rd8 37. g4 Rcd6 1/2-1/2

[Event "Calgary int."]
[Site "Calgary CAN"]
[Date "2012.05.19"]
[Round "7.8"]
[White "Miller, David"]
[Black "Yam, Alex"]
[Result "0-1"]
[WhiteElo "2049"]
[BlackElo "2258"]
[PlyCount "62"]
[GameId "2160767909509465"]
[EventDate "2012.05.15"]
[EventType "swiss"]
[EventRounds "9"]
[EventCountry "CAN"]
[SourceTitle "CBM 148 Extra"]
[Source "ChessBase"]
[SourceDate "2012.06.22"]
[SourceVersion "1"]
[SourceVersionDate "2012.06.22"]
[SourceQuality "1"]

1. e4 c5 2. Nf3 e6 3. d4 cxd4 4. Nxd4 Nf6 5. Nc3 d6 6. Bc4 a6 7. O-O Be7 8. Bb3 O-O 9. Qf3 Nbd7 10. Qg3 Nc5 11. Bh6 Ne8 12. Rad1 Kh8 13. Be3 Qc7 14. f4 Bf6 15. Qf3 b5 16. a3 Bb7 17. g4 Bxd4 18. Bxd4 Nf6 19. Rfe1 Qc6 20. Bxc5 Qxc5+ 21. Kf1 g5 22. f5 a5 23. h3 Qe5 24. h4 h6 25. hxg5 hxg5 26. Kg2 b4 27. Qe3 bxc3 28. Rh1+ Nh7 29. Rxh7+ Kxh7 30. Rh1+ Kg8 31. Qxg5+ Qg7 0-1

[Event "Calgary int."]
[Site "Calgary CAN"]
[Date "2012.05.20"]
[Round "8.1"]
[White "Porper, Edward"]
[Black "Shabalov, Alexander"]
[Result "1-0"]
[WhiteElo "2414"]
[BlackElo "2534"]
[PlyCount "79"]
[GameId "2160767909509466"]
[EventDate "2012.05.15"]
[EventType "swiss"]
[EventRounds "9"]
[EventCountry "CAN"]
[SourceTitle "CBM 148 Extra"]
[Source "ChessBase"]
[SourceDate "2012.06.22"]
[SourceVersion "1"]
[SourceVersionDate "2012.06.22"]
[SourceQuality "1"]

1. d4 Nf6 2. Bg5 d5 3. Bxf6 exf6 4. e3 Bd6 5. c4 dxc4 6. Bxc4 O-O 7. Nc3 f5 8. Nf3 Nd7 9. O-O c6 10. Re1 Nf6 11. Ne5 a6 12. f4 b5 13. Be2 Bb7 14. Bf3 Rc8 15. a3 Nd7 16. b4 Rc7 17. e4 a5 18. Qb3 axb4 19. axb4 Nb6 20. Rad1 Be7 21. d5 cxd5 22. exd5 Bh4 23. g3 Bf6 24. Nxb5 Rc8 25. d6 Nc4 26. Bxb7 Qb6+ 27. Nd4 Bxe5 28. fxe5 Qxb7 29. Nxf5 Qb6+ 30. Kg2 Rc5 31. Ne7+ Kh8 32. Nd5 Qb7 33. Qf3 Rb5 34. Rd4 Qa8 35. Rxc4 Rxd5 36. Re2 h6 37. Rc5 Rd4 38. Qxa8 Rxa8 39. b5 Rb8 40. Rb2 1-0

[Event "Calgary int."]
[Site "Calgary CAN"]
[Date "2012.05.20"]
[Round "8.2"]
[White "Nguyen, Kim"]
[Black "Kovalyov, Anton"]
[Result "0-1"]
[WhiteElo "2110"]
[BlackElo "2619"]
[PlyCount "136"]
[GameId "2160767909509467"]
[EventDate "2012.05.15"]
[EventType "swiss"]
[EventRounds "9"]
[EventCountry "CAN"]
[SourceTitle "CBM 148 Extra"]
[Source "ChessBase"]
[SourceDate "2012.06.22"]
[SourceVersion "1"]
[SourceVersionDate "2012.06.22"]
[SourceQuality "1"]

1. e4 c5 2. Nf3 d6 3. d4 cxd4 4. Nxd4 Nf6 5. Nc3 a6 6. Bc4 e6 7. Bb3 Nbd7 8. g4 Nc5 9. Qe2 b5 10. g5 Nfd7 11. Bd2 Bb7 12. O-O-O Qb6 13. Rhe1 O-O-O 14. Be3 b4 15. Na4 Qa5 16. Nxc5 Nxc5 17. f3 e5 18. Nf5 Nxb3+ 19. axb3 d5 20. Kb1 d4 21. Bf2 g6 22. Ng3 Qb5 23. Rd3 Bd6 24. Nf1 h6 25. f4 hxg5 26. fxe5 Bxe5 27. Qg4+ Rd7 28. Qxg5 Re8 29. Qg1 Bf4 30. Rxd4 Rxd4 31. Bxd4 Rxe4 32. Rxe4 Bxe4 33. Ne3 Qe2 34. Qg4+ Qxg4 35. Nxg4 Bf5 36. Be3 Bd6 37. h3 Kd7 38. Kc1 Ke6 39. Kd2 Kd5 40. Nf2 Bg3 41. c4+ Kc6 42. Nd3 a5 43. Bf2 Bxf2 44. Nxf2 Kc5 45. Ke3 a4 46. bxa4 Kxc4 47. a5 Kb5 48. Kd4 Kxa5 49. h4 Ka4 50. Nd1 Kb3 51. Kc5 f6 52. Ne3 Be6 53. Ng2 g5 54. hxg5 fxg5 55. Ne3 g4 56. Nf1 Bf5 57. Ng3 Bg6 58. Nf1 Bd3 59. Ng3 Bh7 60. Nh5 Bg6 61. Ng3 Kc2 62. Kxb4 Kd3 63. Kc5 Ke3 64. Nh1 Be4 65. Ng3 Kf3 66. Nf1 Kf2 67. Nd2 Ba8 68. Kd4 g3 0-1

[Event "Calgary int."]
[Site "Calgary CAN"]
[Date "2012.05.20"]
[Round "8.3"]
[White "Gurevich, Dmitry"]
[Black "Wang, Richard"]
[Result "1-0"]
[WhiteElo "2471"]
[BlackElo "2307"]
[PlyCount "193"]
[GameId "2160767909509468"]
[EventDate "2012.05.15"]
[EventType "swiss"]
[EventRounds "9"]
[EventCountry "CAN"]
[SourceTitle "CBM 148 Extra"]
[Source "ChessBase"]
[SourceDate "2012.06.22"]
[SourceVersion "1"]
[SourceVersionDate "2012.06.22"]
[SourceQuality "1"]

1. Nf3 d5 2. c4 c6 3. e3 Nf6 4. Nc3 e6 5. b3 Nbd7 6. Qc2 Bd6 7. Be2 O-O 8. d4 b6 9. O-O Bb7 10. Bb2 Qe7 11. Rad1 Rad8 12. Rfe1 Rfe8 13. Bf1 h6 14. g3 e5 15. cxd5 Nxd5 16. Nxd5 cxd5 17. dxe5 Bb4 18. Bc3 Qc5 19. Rc1 Rc8 20. Qf5 Bxc3 21. Qxd7 Re7 22. Qf5 Qa5 23. Re2 Rce8 24. Rec2 Bxe5 25. Nxe5 Rxe5 26. Qf4 Re4 27. Qc7 R4e7 28. Qc3 Qa3 29. Bg2 Rc8 30. Qd2 Rxc2 31. Rxc2 Qd6 32. Qd4 Qg6 33. Rc1 Qf5 34. h3 Kf8 35. Rd1 Qe6 36. Bxd5 Bxd5 37. Qxd5 Qxh3 38. Qa8+ Re8 39. Rd8 Qe6 40. Rxe8+ Qxe8 41. Qxa7 Qd8 42. Qb7 h5 43. Qe4 Qd6 44. Kg2 g6 45. a4 Qa3 46. Qa8+ Kg7 47. Qd5 Qe7 48. Qd4+ Kh7 49. Qxb6 Qe4+ 50. Kg1 Qb1+ 51. Kh2 h4 52. gxh4 Qf5 53. Kg3 Qe5+ 54. Kg2 Qe4+ 55. Kg3 Qe5+ 56. f4 Qa1 57. Qd4 Qe1+ 58. Kf3 f5 59. Qd3 Kh6 60. b4 Qxb4 61. Qd4 Qb7+ 62. Kg3 Kh7 63. Kf2 Qh1 64. Qd8 Qh2+ 65. Ke1 Qg1+ 66. Kd2 Qf2+ 67. Kd3 Qf1+ 68. Kc3 Qc1+ 69. Kb4 Qb2+ 70. Ka5 Qc3+ 71. Kb5 Qb3+ 72. Kc5 Qxa4 73. Qd4 Qa5+ 74. Kc6 Qa6+ 75. Kd7 Kh6 76. Qf6 Qa7+ 77. Kd8 Qa8+ 78. Ke7 Qb7+ 79. Kf8 Qc8+ 80. Kf7 Qc4+ 81. Qe6 Qc7+ 82. Qe7 Qc4+ 83. Kf8 Qc8+ 84. Qe8 Qc5+ 85. Kg8 Kh5 86. Qe5 Qc8+ 87. Kh7 Kxh4 88. Qe7+ Kg4 89. Kxg6 Qg8+ 90. Kf6 Qd5 91. Qe6 Qd8+ 92. Kg6 Qd3 93. Qe7 Kf3 94. Kg5 Kf2 95. Qf6 Kf3 96. Qxf5 Qxe3 97. Qh3+ 1-0

[Event "Calgary int."]
[Site "Calgary CAN"]
[Date "2012.05.20"]
[Round "8.4"]
[White "Mikhalevski, Victor"]
[Black "Pechenkin, Vladimir"]
[Result "1/2-1/2"]
[WhiteElo "2519"]
[BlackElo "2312"]
[PlyCount "39"]
[GameId "2160767909509469"]
[EventDate "2012.05.15"]
[EventType "swiss"]
[EventRounds "9"]
[EventCountry "CAN"]
[SourceTitle "CBM 148 Extra"]
[Source "ChessBase"]
[SourceDate "2012.06.22"]
[SourceVersion "1"]
[SourceVersionDate "2012.06.22"]
[SourceQuality "1"]

1. c4 f5 2. g3 Nf6 3. Bg2 g6 4. Nc3 Bg7 5. d3 d6 6. e4 fxe4 7. dxe4 O-O 8. Nge2 c5 9. e5 Ng4 10. Qd5+ Kh8 11. exd6 Nxf2 12. Rf1 Ng4 13. Rxf8+ Qxf8 14. Bf4 exd6 15. Ne4 Nc6 16. Nxd6 Nb4 17. Nf7+ Kg8 18. Nh6+ Kh8 19. Nf7+ Kg8 20. Nh6+ 1/2-1/2

[Event "Calgary int."]
[Site "Calgary CAN"]
[Date "2012.05.20"]
[Round "8.5"]
[White "Yam, Alex"]
[Black "Kaufman, Larry C"]
[Result "0-1"]
[WhiteElo "2258"]
[BlackElo "2380"]
[PlyCount "60"]
[GameId "2160767909509470"]
[EventDate "2012.05.15"]
[EventType "swiss"]
[EventRounds "9"]
[EventCountry "CAN"]
[SourceTitle "CBM 148 Extra"]
[Source "ChessBase"]
[SourceDate "2012.06.22"]
[SourceVersion "1"]
[SourceVersionDate "2012.06.22"]
[SourceQuality "1"]

1. e4 e6 2. d4 d5 3. Nd2 c5 4. c3 cxd4 5. cxd4 dxe4 6. Nxe4 Bb4+ 7. Nc3 Nc6 8. Nf3 Nf6 9. a3 Be7 10. Bd3 O-O 11. O-O b6 12. Bg5 Bb7 13. Qd2 Nd5 14. Be3 Na5 15. Ne5 f6 16. Nc4 Nb3 17. Bxh7+ Kxh7 18. Qc2+ Kg8 19. Qxb3 Nxc3 20. Qxc3 Qd5 21. f3 Rac8 22. Rfc1 b5 23. b3 bxc4 24. bxc4 Qc6 25. Qe1 Rfe8 26. Rc3 Qc7 27. Rac1 f5 28. Rd3 Ba6 29. Rd2 Bf6 30. Kh1 Qd7 0-1

[Event "Calgary int."]
[Site "Calgary CAN"]
[Date "2012.05.20"]
[Round "8.6"]
[White "Sequillion, Aaron"]
[Black "Perron, Sean"]
[Result "1/2-1/2"]
[WhiteElo "2012"]
[BlackElo "2059"]
[PlyCount "55"]
[GameId "2160767909509471"]
[EventDate "2012.05.15"]
[EventType "swiss"]
[EventRounds "9"]
[EventCountry "CAN"]
[SourceTitle "CBM 148 Extra"]
[Source "ChessBase"]
[SourceDate "2012.06.22"]
[SourceVersion "1"]
[SourceVersionDate "2012.06.22"]
[SourceQuality "1"]

1. e4 e6 2. d4 d5 3. e5 c5 4. c3 Nc6 5. Nf3 Qb6 6. a3 Nh6 7. b4 cxd4 8. cxd4 Nf5 9. Be3 Be7 10. Bd3 Nxe3 11. fxe3 f6 12. exf6 Bxf6 13. Nc3 O-O 14. O-O Bd7 15. Rc1 Be8 16. Na4 Qd8 17. Nc5 Qe7 18. b5 Nd8 19. Qb3 Bh5 20. a4 Nf7 21. b6 a6 22. Qc2 h6 23. Bg6 Bxg6 24. Qxg6 e5 25. dxe5 Nxe5 26. Nxe5 Bxe5 27. Rfd1 Bxh2+ 28. Kxh2 1/2-1/2

[Event "Calgary int."]
[Site "Calgary CAN"]
[Date "2012.05.20"]
[Round "8.7"]
[White "Gardner, Robert"]
[Black "Haessel, Dale"]
[Result "0-1"]
[WhiteElo "2202"]
[BlackElo "2161"]
[PlyCount "44"]
[GameId "2160767909509472"]
[EventDate "2012.05.15"]
[EventType "swiss"]
[EventRounds "9"]
[EventCountry "CAN"]
[SourceTitle "CBM 148 Extra"]
[Source "ChessBase"]
[SourceDate "2012.06.22"]
[SourceVersion "1"]
[SourceVersionDate "2012.06.22"]
[SourceQuality "1"]

1. d4 Nf6 2. c4 g6 3. f3 d5 4. cxd5 Nxd5 5. e4 Nb6 6. Nc3 Bg7 7. Be3 O-O 8. Qd2 Nc6 9. O-O-O e5 10. d5 Nd4 11. h4 c6 12. Bh6 cxd5 13. Bxg7 Kxg7 14. h5 g5 15. h6+ Kh8 16. exd5 Bf5 17. Nge2 Nc4 18. Qe1 Nc2 19. Qf2 N2e3 20. Re1 Nxd5 21. Ng3 Nxc3 22. Bxc4 Nxa2+ 0-1

[Event "Calgary int."]
[Site "Calgary CAN"]
[Date "2012.05.20"]
[Round "8.8"]
[White "Kaufman, Raymond"]
[Black "Miller, David"]
[Result "1-0"]
[WhiteElo "2336"]
[BlackElo "2049"]
[PlyCount "67"]
[GameId "2160767909509473"]
[EventDate "2012.05.15"]
[EventType "swiss"]
[EventRounds "9"]
[EventCountry "CAN"]
[SourceTitle "CBM 148 Extra"]
[Source "ChessBase"]
[SourceDate "2012.06.22"]
[SourceVersion "1"]
[SourceVersionDate "2012.06.22"]
[SourceQuality "1"]

1. d4 d5 2. c4 e6 3. Nc3 Be7 4. Nf3 Nf6 5. Bf4 O-O 6. Rc1 dxc4 7. e4 Bb4 8. e5 Nd5 9. Bg5 Qe8 10. Bxc4 h6 11. Bd2 c6 12. O-O Nd7 13. Nxd5 Bxd2 14. Nc7 Qe7 15. Nxd2 Rb8 16. Nxe6 fxe6 17. Qg4 Nb6 18. Bd3 Nd5 19. Qg6 Nf4 20. Qh7+ Kf7 21. Ne4 Ke8 22. g3 Nh3+ 23. Kg2 Ng5 24. Qg6+ Kd8 25. Nd6 Bd7 26. f4 Nf7 27. Ne4 Kc7 28. Qxg7 Qb4 29. Nc5 Qxb2+ 30. Rc2 Qxd4 31. Rd1 Qd5+ 32. Kh3 Qf3 33. Be2 Ng5+ 34. Qxg5 1-0

[Event "Calgary int."]
[Site "Calgary CAN"]
[Date "2012.05.21"]
[Round "9.1"]
[White "Kovalyov, Anton"]
[Black "Kaufman, Raymond"]
[Result "1/2-1/2"]
[WhiteElo "2619"]
[BlackElo "2336"]
[PlyCount "59"]
[GameId "2160767909509474"]
[EventDate "2012.05.15"]
[EventType "swiss"]
[EventRounds "9"]
[EventCountry "CAN"]
[SourceTitle "CBM 148 Extra"]
[Source "ChessBase"]
[SourceDate "2012.06.22"]
[SourceVersion "1"]
[SourceVersionDate "2012.06.22"]
[SourceQuality "1"]

1. c4 c6 2. d4 d5 3. Nf3 Nf6 4. e3 Bg4 5. Nc3 e6 6. h3 Bh5 7. g4 Bg6 8. Ne5 Nbd7 9. Nxg6 hxg6 10. Bd3 dxc4 11. Bxc4 Bd6 12. Bd2 Qe7 13. Qf3 O-O-O 14. Bb3 Rh4 15. O-O-O Rdh8 16. e4 e5 17. d5 cxd5 18. Bg5 d4 19. Nd5 Qd8 20. Bxh4 Rxh4 21. Kb1 Kb8 22. Nxf6 gxf6 23. Bxf7 g5 24. Bh5 Nc5 25. Rc1 a6 26. Rc4 Ne6 27. Qb3 Nf4 28. Bf7 Qe7 29. Bd5 Qh7 30. Rcc1 1/2-1/2

[Event "Calgary int."]
[Site "Calgary CAN"]
[Date "2012.05.21"]
[Round "9.2"]
[White "Shabalov, Alexander"]
[Black "Wang, Richard"]
[Result "1/2-1/2"]
[WhiteElo "2534"]
[BlackElo "2307"]
[PlyCount "54"]
[GameId "2160767909509475"]
[EventDate "2012.05.15"]
[EventType "swiss"]
[EventRounds "9"]
[EventCountry "CAN"]
[SourceTitle "CBM 148 Extra"]
[Source "ChessBase"]
[SourceDate "2012.06.22"]
[SourceVersion "1"]
[SourceVersionDate "2012.06.22"]
[SourceQuality "1"]

1. c4 c5 2. Nf3 Nc6 3. d4 cxd4 4. Nxd4 Qb6 5. Nb3 e6 6. e4 Nf6 7. Bd3 Bb4+ 8. Nc3 O-O 9. O-O Bxc3 10. bxc3 d6 11. Ba3 Rd8 12. Re1 e5 13. Qf3 Qc7 14. h3 b6 15. Rad1 Be6 16. Bc1 Nd7 17. Qg3 Nf8 18. Bf1 f6 19. f4 Qf7 20. Ba3 Bxc4 21. Bxd6 Bxf1 22. Rxf1 Qe6 23. f5 Qc4 24. Qe3 Rac8 25. Rd3 Rd7 26. Rfd1 Rcd8 27. Rd5 Kf7 1/2-1/2

[Event "Calgary int."]
[Site "Calgary CAN"]
[Date "2012.05.21"]
[Round "9.3"]
[White "Gardner, Robert"]
[Black "Gurevich, Dmitry"]
[Result "0-1"]
[WhiteElo "2202"]
[BlackElo "2471"]
[PlyCount "52"]
[GameId "2160767909509476"]
[EventDate "2012.05.15"]
[EventType "swiss"]
[EventRounds "9"]
[EventCountry "CAN"]
[SourceTitle "CBM 148 Extra"]
[Source "ChessBase"]
[SourceDate "2012.06.22"]
[SourceVersion "1"]
[SourceVersionDate "2012.06.22"]
[SourceQuality "1"]

1. d4 Nf6 2. c4 a6 3. Nc3 c5 4. dxc5 e6 5. e4 Qc7 6. b4 d6 7. cxd6 Bxd6 8. c5 Be5 9. Bb2 Nxe4 10. Nxe4 Bxb2 11. Rb1 Be5 12. Qh5 O-O 13. Bd3 f5 14. Nd2 g6 15. Qh3 a5 16. a3 axb4 17. axb4 Rd8 18. Nc4 Bc3+ 19. Kf1 Bxb4 20. Rxb4 Ra1+ 21. Ke2 Ra2+ 22. Nd2 Qa5 23. Qh4 Nc6 24. Ngf3 Qxb4 25. Qg5 Nd4+ 26. Kf1 Rd7 0-1